Modelové riešenie regionálneho hodnotenia dopadov agrárnej politiky po vstupe do EÚ
Príjmy slovenského poľnohospodárstva po vstupe do EÚ. Nevyhnutnosť regionálnej reštrukturalizácie a realokácie poľnohospodárskej produkcie s cieľom dosiahnutia územnej špecializácie výroby. Ekonomické dôsledky.
Salvato in:
| Autore principale: | |
|---|---|
| Altri autori: | |
| Natura: | Capitolo di libro |
| Lingua: | slovacco |
| Soggetti: | |
| Tags: |
Nessun Tag, puoi essere il primo ad aggiungerne!!
|
MARC
| LEADER | 00000naa$a2200000$$$4500 | ||
|---|---|---|---|
| 001 | 0012569 | ||
| 005 | 20231018084643.7 | ||
| 041 | 0 | |a slo | |
| 044 | |a SK | ||
| 245 | 1 | 0 | |a Modelové riešenie regionálneho hodnotenia dopadov agrárnej politiky po vstupe do EÚ |c aut. Marian Božík, Marianna Blahovics |
| 520 | |a Príjmy slovenského poľnohospodárstva po vstupe do EÚ. Nevyhnutnosť regionálnej reštrukturalizácie a realokácie poľnohospodárskej produkcie s cieľom dosiahnutia územnej špecializácie výroby. Ekonomické dôsledky. | ||
| 610 | 2 | 0 | |a regióny |
| 610 | 2 | 0 | |a regióny poľnohospodárske výrobné |
| 610 | 2 | 0 | |a podpory |
| 610 | 2 | 0 | |a politika regionálna |
| 610 | 2 | 0 | |a pôda poľnohospodárska |
| 610 | 2 | 0 | |a politika poľnohospodárska |
| 610 | 2 | 0 | |a Európska únia |
| 610 | 2 | 0 | |a Slovensko |
| 610 | 2 | 0 | |a modelovanie |
| 100 | 1 | |a Božík, Marian | |
| 700 | 1 | |a Blahovics, Marianna | |